Catálogo

Varon de desseos en que se declaran las tres vias de la Vida espiritual, Purgativa, Iluminativa y Unitiva. Dedicado a la Reyna nuestra señora y ofrezido al aprovechamiento espiritual de las almas devotas. Por el ilustrísimo y reverendísimo Don Juan de Palafox y Mendoza, Obispo de la Puebla de los Angeles 1642 / (Registro nro. 24918)

Detalles MARC
000 -LEADER
fixed length control field 01532cam a2200325 i 4500
001 - CONTROL NUMBER
control field 24918
003 - CONTROL NUMBER IDENTIFIER
control field Mx-PuUPA
005 - DATE AND TIME OF LATEST TRANSACTION
control field 20250724125342.0
008 - FIXED-LENGTH DATA ELEMENTS--GENERAL INFORMATION
fixed length control field 140415s1981 mx h gr 000 0 spa d
040 ## - CATALOGING SOURCE
Transcribing agency Mx-PuUPA
Original cataloging agency Mx-PuUPA
Language of cataloging spa
Modifying agency Mx-PuUPA
Description conventions rda
041 0# - LANGUAGE CODE
Language code of text/sound track or separate title spa
100 1# - MAIN ENTRY--PERSONAL NAME
Personal name Palafox y Mendoza, Juan de,
Dates associated with a name 1600-1659
Relator term autor
9 (RLIN) 6103
245 10 - TITLE STATEMENT
Title Varon de desseos en que se declaran las tres vias de la Vida espiritual, Purgativa, Iluminativa y Unitiva. Dedicado a la Reyna nuestra señora y ofrezido al aprovechamiento espiritual de las almas devotas. Por el ilustrísimo y reverendísimo Don Juan de Palafox y Mendoza, Obispo de la Puebla de los Angeles 1642 /
Statement of responsibility, etc. Juan de Palafox y Mendoza ; Pedro Ángel Palou Pérez, Baraquiel Alatriste Montoto, editores
246 13 - VARYING FORM OF TITLE
Title proper/short title Varón de Deseos
250 ## - EDITION STATEMENT
Edition statement Facsimilar
264 #0 - PRODUCTION, PUBLICATION, DISTRIBUTION, MANUFACTURE, AND COPYRIGHT NOTICE
Place of production, publication, distribution, manufacture Ciudad de Puebla :
Name of producer, publisher, distributor, manufacturer Editorial del Gobierno del Estado de Puebla,
Date of production, publication, distribution, manufacture, or copyright notice 1981
300 ## - PHYSICAL DESCRIPTION
Extent 212 páginas sin numerar ;
Dimensions 31 cm
336 ## - CONTENT TYPE
Fuente rdacontent
Content type term texto
Content type code txt
337 ## - MEDIA TYPE
Source rdamedia
Media type term sin medio
Media type code n
338 ## - CARRIER TYPE
Source rdacarrier
Carrier type term volumen
Carrier type code nc
500 ## - GENERAL NOTE
General note Edición facsímilar de la original editada en México en 1642.
650 #7 - SUBJECT ADDED ENTRY--TOPICAL TERM
Source of heading or term armarc
Topical term or geographic name entry element Espiritualidad
Chronological subdivision Obras anteriores a 1800
650 #7 - SUBJECT ADDED ENTRY--TOPICAL TERM
Source of heading or term armarc
Topical term or geographic name entry element Ascetismo
General subdivision Iglesia Católica
700 1# - ADDED ENTRY--PERSONAL NAME
Personal name Palou Pérez, Pedro Ángel,
Relator term editor
700 1# - ADDED ENTRY--PERSONAL NAME
Personal name Alatriste Montoto, Baraquiel,
Relator term editor
942 ## - ADDED ENTRY ELEMENTS (KOHA)
Source of classification or shelving scheme Dewey Decimal Classification
Koha item type Libro
Classification part 248.47
Item part P53
Existencias
Withdrawn status Lost status Source of classification or shelving scheme Damaged status Not for loan Collection code Home library Current library Shelving location Date acquired Source of acquisition Cost, normal purchase price Total Checkouts Full call number Barcode Date last seen Cost, replacement price Price effective from Koha item type
    Dewey Decimal Classification     General Biblioteca Karol Wojtyla Biblioteca Karol Wojtyla Sala general 01/01/2021 Donación 0.00   248.47 P53 1981 46537 05/01/2026 0.00 03/12/2013 Libro